[Event "Goodricke op 03rd"]
[Site "Kolkata"]
[Date "1992.??.??"]
[Round "5"]
[White "Bhave, Ravi"]
[Black "Mishra, Neeraj Kumar"]
[Result "1-0"]
[WhiteElo "2255"]
[BlackElo "2375"]
[PlyCount "67"]
[EventDate "1992.01.??"]
[EventType "swiss"]
[EventRounds "11"]
[EventCountry "IND"]
[SourceTitle "CBM 027 Extra"]
[Source "ChessBase"]
[SourceDate "1992.05.01"]
[SourceVersion "1"]
[SourceVersionDate "1992.05.01"]
[SourceQuality "1"]

1. d4 d6 2. e4 Nf6 3. Nc3 g6 4. f4 Bg7 5. Nf3 0-0 6. e5 dxe5 7. dxe5 Qxd1+ 8. Kxd1 Nh5 9. Ke1 c6 10. Rg1 Bg4 11. Nd4 g5 12. g3 f6 13. h3 fxe5 14. hxg4 exd4 15. Bc4+ Kh8 16. Ne4 Nf6 17. Nxg5 Nbd7 18. Rh1 e5 19. Nf7+ Rxf7 20. Bxf7 Nxg4 21. Be6 Ngf6 22. Bxd7 Nxd7 23. fxe5 Nxe5 24. Bf4 Nc4 25. Rb1 Rf8 26. Rh5 Rf7 27. b3 Nb6 28. Kd2 Nd5 29. Rbh1 Nf6 30. Re5 Bf8 31. Re6 c5 32. Be5 Bg7 33. Kd3 b6 34. Rf1 1-0

[Event "Goodricke op 03rd"]
[Site "Kolkata"]
[Date "1992.??.??"]
[Round "1"]
[White "Prasad, Devaki V"]
[Black "Bhave, Ravi"]
[Result "1-0"]
[WhiteElo "2415"]
[BlackElo "2255"]
[PlyCount "67"]
[EventDate "1992.01.??"]
[EventType "swiss"]
[EventRounds "11"]
[EventCountry "IND"]
[SourceTitle "CBM 027 Extra"]
[Source "ChessBase"]
[SourceDate "1992.05.01"]
[SourceVersion "1"]
[SourceVersionDate "1992.05.01"]
[SourceQuality "1"]

1. e4 e5 2. Nf3 Nc6 3. Bb5 a6 4. Ba4 Nf6 5. 0-0 Nxe4 6. d4 b5 7. Bb3 d5 8. dxe5 Be6 9. c3 Bc5 10. Qd3 0-0 11. Be3 Qd7 12. Nbd2 Bxe3 13. Qxe3 f5 14. exf6 Nxf6 15. Qc5 Rae8 16. Nd4 Ne5 17. Bc2 Qf7 18. a4 bxa4 19. Rxa4 Bc8 20. Ra5 c6 21. N2f3 Nxf3+ 22. Nxf3 Re2 23. Bd3 Rxb2 24. Qxc6 Bb7 25. Qc5 Rc8 26. Qa3 Rb6 27. Rc5 Rxc5 28. Qxc5 Re6 29. Qb4 Qc7 30. Nd4 Ng4 31. f4 Rh6 32. h3 Nf6 33. Ne6 Qb8 34. Qe7 1-0